Analýza konvergenčných procesov európskych post-komunistických krajín diplomová práca

Salvato in:
Dettagli Bibliografici
Autore principale: Palko, Michal
Ente Autore: Fakulta hospodárskej informatiky EU. Katedra operačného výskumu a ekonometrie
Altri autori: Szomolányi, Karol, 1976-
Natura: Libro
Lingua:slovacco
Pubblicazione: Bratislava 2020
Tags: Aggiungi Tag
Nessun Tag, puoi essere il primo ad aggiungerne!!

MARC

LEADER 00000nbm a2200000 4500
001 0266840
005 20210506112350.0
041 0 |a slo 
044 |a SK 
245 1 0 |a Analýza konvergenčných procesov európskych post-komunistických krajín  |b diplomová práca  |c Michal Palko ; školiteľ: Karol Szomolányi 
264 1 |a Bratislava  |c 2020 
300 |a 51 s. 
100 1 |a Palko, Michal 
700 1 |a Szomolányi, Karol, 1976- 
710 2 |a Fakulta hospodárskej informatiky EU. Katedra operačného výskumu a ekonometrie